UM Logo

Macroeconomics: (Record no. 3909)

MARC details
000 -LEADER
fixed length control field 00700nam a22002177a 4500
003 - CONTROL NUMBER IDENTIFIER
control field OSt
005 - DATE AND TIME OF LATEST TRANSACTION
control field 20160818180535.0
008 - FIXED-LENGTH DATA ELEMENTS--GENERAL INFORMATION
fixed length control field 160727b xxu||||| |||| 00| 0 eng d
020 ## - INTERNATIONAL STANDARD BOOK NUMBER
International Standard Book Number 978-0-07-287557-7
040 ## - CATALOGING SOURCE
Transcribing agency LIC
082 ## - DEWEY DECIMAL CLASSIFICATION NUMBER
Edition number 2005
Classification number DC 338.5
Item number M13m
100 ## - MAIN ENTRY--PERSONAL NAME
9 (RLIN) 13047
Personal name McConnell, Campbell R.
245 ## - TITLE STATEMENT
Title Macroeconomics:
Remainder of title principles, problems, and policies/
Statement of responsibility, etc. Campbell R. McConnell and Stanley L. Brue.
250 ## - EDITION STATEMENT
Edition statement 16th Edition
260 ## - PUBLICATION, DISTRIBUTION, ETC. (IMPRINT)
Place of publication, distribution, etc. Boston:
Name of publisher, distributor, etc. McGraw-Hill/Irwin,
Date of publication, distribution, etc. c2005.
300 ## - PHYSICAL DESCRIPTION
Extent xxiii, (various paging):
Other physical details color illustrations;
Dimensions 25 cm.
500 ## - GENERAL NOTE
General note Includes glossary and index.
650 #0 - SUBJECT ADDED ENTRY--TOPICAL TERM
9 (RLIN) 13049
Topical term or geographic name as entry element Macroeconomics
700 ## - ADDED ENTRY--PERSONAL NAME
9 (RLIN) 13050
Personal name Brue, Stanley L.
942 ## - ADDED ENTRY ELEMENTS (KOHA)
Source of classification or shelving scheme Dewey Decimal Classification
Koha item type Circulation
Holdings
Withdrawn status Lost status Source of classification or shelving scheme Damaged status Not for loan Collection code Home library Current library Date acquired Source of acquisition Total Checkouts Full call number Barcode Date last seen Price effective from Koha item type
    Dewey Decimal Classification     Circulation UM Digos College - LIC UM Digos College - LIC 04/10/2008 PLMP   DC 338.5 M13m 2005 19471 05/15/2025 08/18/2016 Circulation